000 00729nam a2200241Ia 4500
003 OSt
005 20221006164414.0
006 a|||||r|||| 00| 0
007 ta
008 221006b |||||||| |||| 00| 0 eng d
024 _a1,306
037 _cTextual
040 _aFML
_cFML
_beng
041 _2eng
_aeng
082 _az44z7, N3
100 _aKulshreshtra Sushma Au.
_9677388
245 0 _aStudies in Indology and Musicology
_b Dr. Prabhakar Narayan Kawthekar Felicitation Volume
260 _aDelhi
_bPratibha Prakashan
_c1993
300 _a434
_ccm.
700 _a Sinha J P Au.
_9677389
942 _hz44z7, N3
_cTEXL
_2CC
999 _c1117159
_d1117159